Eugene O'Neill /

Saved in:
Bibliographic Details
Main Author: Carpenter, Frederic I. (Frederic Ives), 1903-
Format: Book
Language:English
Published: New York : Twayne Publishers, c1964.
Series:Twayne's United States authors series ; 66
Subjects:
LEADER 01045nam a22002651a 4500
001 c000142177
003 CARM
005 00000000000000.0
008 730213s1964 nyu b 00110beng
019 1 |a 12914076  |z 647644  |z 23873843  |5 LACONCORD2021 
035 |a (OCoLC)290001  |5 LACONCORD2021 
040 |d XNTU 
050 0 0 |a PS3529.N5  |b Z578 
100 1 |a Carpenter, Frederic I.  |q (Frederic Ives),  |d 1903- 
245 0 0 |a Eugene O'Neill /  |c by Frederic I. Carpenter. 
260 |a New York :  |b Twayne Publishers,  |c c1964. 
300 |a 191 p. ;  |c 21 cm. 
440 0 |a Twayne's United States authors series ;  |v 66 
500 |a Includes index. 
504 |a "Notes and references": p. 180-183. Bibliography: p. 184-187. 
600 1 0 |a O'Neill, Eugene,  |d 1888-1953  |x Criticism and interpretation. 
852 8 |b CARM  |h A2:AE19D0  |i B00307  |p 0015516  |f BK 
082 0 4 |a 812.52  |2 20 
999 f f |i 0a06c05c-fbdd-5b38-9c54-db83093a455f  |s d1d3276a-5279-5a06-8863-f14070744ba5 
952 f f |p Can circulate  |a CAVAL  |b CAVAL  |c CAVAL  |d CARM 1 Store  |e B00307  |f A2:AE19D0  |h Other scheme  |i book  |m 0015516